| 000 | 00859nam a22002417a 4500 | ||
|---|---|---|---|
| 999 |
_c22440 _d22440 |
||
| 003 | OSt | ||
| 005 | 20220704102116.0 | ||
| 008 | 180228s2017 pe 000 0 spa | ||
| 020 | _a9786124395079 | ||
| 040 | _cBiblioteca Municipal de Cusco | ||
| 082 |
_a869.56/G874Y _bG874Y |
||
| 100 |
_aGuerrero Peirano, Victoria _d1971- _948184 |
||
| 245 |
_aY la muerte no tendrá dominio / _cVictoria Guerrero Peirano |
||
| 250 | _aPrimer edición | ||
| 260 |
_aLima : _bFondo de Cultura Económica del Perú, _c2019. |
||
| 300 |
_a76, [3] páginas. : _bil. (algunas col.), facsíms., retr. ; _c17 cm. |
||
| 490 | _aTezontle | ||
| 504 | _aIncluye referencias bibliográficas. | ||
| 650 |
_aProsas poéticas peruanas _ySiglo XX _948185 |
||
| 650 |
_aPoesías peruanas _ySiglo XX _948129 |
||
| 710 |
_aFondo de Cultura Económica (Perú) _945173 |
||
| 942 |
_2ddc _cLIBROS |
||